000
00330nam a2200145Ia 4500
100
_a
Mary campbell
942
_c
BK
654
_a
1-2-3 Release 2.3
245
_a
1-2-3 Release 2.3 the complete reference
260
_b
Mc Graw Hill
_a
New York
_c
1991
082
_a
5.13
_b
PAN
300
_a
1072
546
_a
ENGLISH
999
_c
18985
_d
18985